Statistics for Highest Chinese Population US Cities

Click here to take the quiz!

General Stats

  • This quiz has been taken 564 times
  • The average score is 11 of 20

Answer Stats

Hint Answer % Correct
486,463New York
100%
66,782Los Angeles
98%
172,181San Francisco
96%
27,216Seattle
91%
43,228Chicago
90%
35,661San Diego
87%
24,910Boston
86%
29,429Houston
85%
30,069Philadelphia
76%
63,434San Jose
69%
20,307Sacramento
59%
34,083Oakland
45%
38,330Honolulu
43%
24,233Irvine
9%
34,678Fremont
9%
13,359Daly City
3%
13,592Plano
3%
14,777Sunnyvale
2%
10,928Bellevue
1%
15,339El monte
1%

Score Distribution

Percentile by Number Answered

Percent of People with Each Score

Your Score History

You have not taken this quiz